Favorite Food Logic Puzzle Quiz Stats

 Plays Quiz Updated May 4, 2016

Support Sporcle.
Go Orange.
Score 0/25 Timer 20:00
12 Plays Today
Person C/H/I/P/S % Correct

Arlen ♂





???
100%

Olivia ♀





???
67.8%

Eva ♀





???
51.4%

Queen ♀





???
35.8%

Leo ♂





???
35%

Mike ♂





???
34.1%

Upton ♂





???
30%

Iris ♀





???
27.9%

Frank ♂





???
26.5%

Gail ♀





???
22%

Ron ♂





???
19.6%

Brick ♂





???
19.4%

Vance ♂





???
18.3%
Person C/H/I/P/S % Correct

Cici ♀





???
15.8%

Pearl ♀





???
15.6%

Neal ♂





???
13.8%

Selfi ♀





???
13.8%

Wendy ♀





???
13.2%

Heath ♂





???
12.7%

Zelda ♀





???
12%

Daisy ♀





???
10.6%

Tina ♀





???
10.6%

Yoda ♂





???
10.6%

Julie ♀





???
9.5%

Kevin ♂





???
8.4%

From the Vault

Literary Title Slot Machine

by sparty1729

We've always liked three word titles the best.
Remove Ads.
Support Sporcle.
Get the best of Sporcle when you Go Orange. This ad-free experience offers more features, more stats, and more fun while also helping to support Sporcle. Thank you for becoming a member.

Show Comments

Extras

Top Quizzes Today


Score Distribution

Your Account Isn't Verified!

In order to create a playlist on Sporcle, you need to verify the email address you used during registration. Go to your Sporcle Settings to finish the process.

Report this User

Report this user for behavior that violates our Community Guidelines.

Details: